| 000 | 00913nam a2200241 a 4500 | ||
|---|---|---|---|
| 001 | 38317 | ||
| 003 | BD-RjUL | ||
| 005 | 20211209052754.0 | ||
| 008 | 160504s2005 ii a|||| |||| 00| 0 ben d | ||
| 020 | _c: IRs.40.00 | ||
| 035 | _a(BD-RjUL)38422 | ||
| 040 |
_aBD-RjUL _bben _cBD-RjUL |
||
| 041 | _aben | ||
| 082 |
_223 _a294.5211 _bCHD 2005 |
||
| 100 |
_aচক্রবর্ত্তী, শিব শঙ্কর _9124837 |
||
| 245 | 1 | 0 |
_aদেবদেবীর পরিচয় ও বাহন রহস্য / _cশিব শঙ্কর চক্রবর্ত্তী |
| 250 | _a৪র্থ সং. | ||
| 260 |
_aকলকাতা : _bশেলী প্রকাশনী, _c২০০৫ |
||
| 300 |
_a১১২ পৃ. : _bচিত্র ; _c২২ সেমি. |
||
| 650 |
_aহিন্দু দেবদেবী _9161912 |
||
| 650 |
_aHindu gods, goddesses. _9118434 |
||
| 942 |
_2ddc _cBK |
||
| 999 |
_c38317 _d38317 |
||